|
|
|
|
| LEADER |
00000nab a2200000 r4500 |
| 001 |
vtls012055303 |
| 003 |
SK-MaSNL |
| 005 |
20260303185039.0 |
| 008 |
210524c2018 xo |r|p|||ab |000 b|slo |
| 015 |
|
|
|a SNBRB2021/05
|
| 038 |
|
|
|a SPK
|
| 040 |
|
|
|a SPKCL
|b slo
|c rda
|e AACR2
|
| 041 |
0 |
|
|a slo
|b eng
|
| 044 |
|
|
|a xo
|c SK
|
| 080 |
|
|
|a 004.42.045
|2 2011
|
| 080 |
|
|
|a 37.018.8
|2 2011
|
| 100 |
1 |
|
|a Horváth, Roman,
|d 1978-
|4 aut
|9 231606
|
| 245 |
1 |
0 |
|a Úprava spôsobu komunikácie so študentmi v rámci predmetu objektovoorientované programovanie
|c Roman Horváth, Katarína Pribilová
|
| 246 |
3 |
1 |
|a The Communication Adaptation within the Subject Object-Oriented Programming
|
| 300 |
|
|
|b Tabuľky
|
| 336 |
|
|
|a text
|b txt
|2 rdacontent
|
| 337 |
|
|
|a počítač
|b c
|2 rdamedia
|
| 338 |
|
|
|a online zdroj
|b cr
|2 rdacarrier
|
| 504 |
|
|
|a Obsahuje bibliografiu a bibliografické odkazy
|
| 546 |
|
|
|a Anglické resumé
|
| 650 |
0 |
7 |
|a objektovo orientované programovanie
|2 SNKPH
|9 2029
|
| 650 |
0 |
7 |
|a vyučovanie
|2 SNKPH
|9 1522
|
| 700 |
1 |
|
|a Pribilová, Katarína
|4 aut
|9 1215834
|
| 773 |
0 |
|
|t Scientia et Eruditio : pedagogika
|g Roč. 2, č. 2 (2018), s. 54-59
|x 2585-8556
|
| 787 |
0 |
8 |
|i Recenzia:
|
| 852 |
|
|
|a SPK
|b KIS3GCP
|
| 856 |
4 |
1 |
|a https://pdf.truni.sk/see/
|
| 958 |
|
|
|a NB
|
| 999 |
|
|
|c 2129461
|d 2131391
|